000 00643nam a2200241Ia 4500
003 OSt
005 20220930094010.0
006 a|||||r|||| 00| 0
007 ta
008 220926b |||||||| |||| 00| 0 eng d
024 _a65406
037 _cTheses
040 _aCRL
_cCRL
_beng
041 _2eng
_aeng
100 _aSingh Surender Au.
_9554065
110 _aUniversity of Delhi. Law Faculty
_9554066
245 0 _aIntra familial violance and the law
260 _c1987
300 _a340p.
_ap.
_ccm.
700 _aUniversity of Delhi. Law Faculty
_9554067
942 _cDIS
_2CC
999 _c886403
_d886403